[Event "EU-ch Blitz (Women)"]
[Site "Monaco"]
[Date "2024.01.12"]
[Round "5"]
[White "Bacrot, Nathalie"]
[Black "Guichard, Pauline"]
[Result "0-1"]
[WhiteElo "1968"]
[BlackElo "2385"]
[PlyCount "64"]
[EventDate "2024.01.12"]
[EventType "swiss (blitz)"]
[EventRounds "13"]
[EventCountry "MNC"]
[SourceTitle "CB03_2024"]
[SourceDate "2024.01.17"]
[SourceVersion "1"]
[SourceVersionDate "2024.01.17"]
[SourceQuality "1"]

1. Nf3 Nf6 2. g3 d5 3. Bg2 c6 4. 0-0 Bg4 5. d3 Nbd7 6. Nbd2 e6 7. c4 Be7 8. b3 0-0 9. Bb2 h6 10. Qc2 a5 11. e4 Nc5 12. e5 Nfd7 13. Rad1 Bf5 14. Nb1 b5 15. Qe2 Qb6 16. d4 Ne4 17. c5 Qa6 18. Nbd2 b4 19. Qxa6 Rxa6 20. Nxe4 Bxe4 21. Nd2 Bg6 22. f4 h5 23. h3 a4 24. g4 axb3 25. axb3 Ra2 26. Bc1 Bd3 27. Rf2 Bh4 28. gxh5 Bxf2+ 29. Kxf2 Bc2 30. Re1 Bxb3 31. Kg3 Bc2 32. Re3 Rfa8 0-1

[Event "FRA-chT Top 12"]
[Site "Haguenau"]
[Date "2013.06.07"]
[Round "9.8"]
[White "Choisy, Mathilde"]
[Black "Bacrot, Nathalie"]
[Result "1/2-1/2"]
[WhiteElo "2166"]
[BlackElo "2090"]
[PlyCount "64"]
[EventDate "2013.05.30"]
[EventType "team-tourn"]
[EventRounds "11"]
[EventCountry "FRA"]
[SourceTitle "CBM 154 Extra"]
[Source "ChessBase"]
[SourceDate "2013.06.25"]
[SourceVersion "2"]
[SourceVersionDate "2013.06.25"]
[SourceQuality "1"]
[WhiteTeam "Mulhouse Philidor"]
[BlackTeam "Marseille Echecs"]
[WhiteTeamCountry "FRA"]
[BlackTeamCountry "FRA"]

1. e4 g6 2. d4 Bg7 3. Nc3 d6 4. Be3 a6 5. a4 b6 6. Nf3 Bb7 7. Bd3 Nd7 8. 0-0 Ngf6 9. h3 c5 10. Qe2 cxd4 11. Bxd4 e5 12. Be3 0-0 13. Nd2 Nc5 14. Rfd1 Nxd3 15. Qxd3 d5 16. exd5 Nxd5 17. Nxd5 Bxd5 18. c4 Bc6 19. Qxd8 Rfxd8 20. Bxb6 Rd3 21. a5 e4 22. Nf1 Rxd1 23. Rxd1 Bxb2 24. Ne3 Be5 25. Nd5 Ba4 26. Rd2 Kg7 27. g3 Rc8 28. c5 f5 29. Ne7 Re8 30. Nd5 Rc8 31. Ne7 Re8 32. Nd5 Rc8 1/2-1/2

[Event "Basel Hilton op 13th"]
[Site "Basel"]
[Date "2011.01.04"]
[Round "5"]
[White "Bacrot, Nathalie"]
[Black "Ditzler, Juerg"]
[Result "1/2-1/2"]
[WhiteElo "2114"]
[BlackElo "2067"]
[PlyCount "42"]
[EventDate "2011.01.01"]
[EventType "swiss"]
[EventRounds "7"]
[EventCountry "SUI"]
[SourceTitle "EXT 2012"]
[Source "ChessBase"]
[SourceDate "2011.11.24"]
[SourceVersion "1"]
[SourceVersionDate "2011.11.24"]
[SourceQuality "1"]

1. Nf3 g6 2. g3 Bg7 3. Bg2 c5 4. 0-0 Nc6 5. c4 Nf6 6. Nc3 0-0 7. d3 d5 8. e4 dxc4 9. dxc4 Bg4 10. h3 Qxd1 11. Rxd1 Bxf3 12. Bxf3 Nd4 13. Bg2 Rad8 14. Bg5 h6 15. Bxf6 Bxf6 16. Nd5 Kg7 17. f4 e6 18. Nxf6 Kxf6 19. e5+ Ke7 20. Rab1 b6 21. Kf2 g5 1/2-1/2

[Event "Basel Hilton op 13th"]
[Site "Basel"]
[Date "2011.01.01"]
[Round "1"]
[White "Bacrot, Nathalie"]
[Black "Heimann, Andreas"]
[Result "0-1"]
[WhiteElo "2114"]
[BlackElo "2476"]
[PlyCount "70"]
[EventDate "2011.01.01"]
[EventType "swiss"]
[EventRounds "7"]
[EventCountry "SUI"]
[SourceTitle "EXT 2012"]
[Source "ChessBase"]
[SourceDate "2011.11.24"]
[SourceVersion "1"]
[SourceVersionDate "2011.11.24"]
[SourceQuality "1"]

1. Nf3 c5 2. g3 Nc6 3. Bg2 g6 4. d3 Bg7 5. 0-0 d6 6. Nbd2 e5 7. e4 Nge7 8. a4 0-0 9. c3 h6 10. Nc4 Be6 11. Nfd2 Qd7 12. Ne3 Kh7 13. Nd5 f5 14. f4 Bg8 15. Nxe7 Nxe7 16. Nf3 Rad8 17. c4 fxe4 18. dxe4 Bxc4 19. Re1 exf4 20. gxf4 Nc6 21. Ra3 Nd4 22. Nxd4 Bxd4+ 23. Kh1 Qg7 24. Qc2 Bf7 25. f5 g5 26. e5 dxe5 27. f6+ Qg6 28. Be4 Bd5 29. Rf3 Bxe4 30. Rxe4 Rd6 31. Bxg5 hxg5 32. Rh3+ Kg8 33. Rh8+ Kf7 34. Qb3+ Ke8 35. Qxb7 Qxf6 0-1

[Event "FRA-ch (Women)"]
[Site "Aix les Bains"]
[Date "2003.08.25"]
[Round "8"]
[White "Leconte, Maria"]
[Black "Bacrot, Nathalie"]
[Result "1/2-1/2"]
[WhiteElo "2302"]
[BlackElo "2099"]
[PlyCount "87"]
[EventDate "2003.08.18"]
[EventType "tourn"]
[EventRounds "11"]
[EventCountry "FRA"]
[SourceTitle "CBM 095 Extra"]
[Source "ChessBase"]
[SourceDate "2003.09.04"]
[SourceVersion "1"]
[SourceVersionDate "2003.09.04"]
[SourceQuality "1"]

1. e4 g6 2. d4 Bg7 3. Nc3 d6 4. h3 Nd7 5. Nf3 e5 6. Bg5 Ngf6 7. dxe5 dxe5 8. Qd2 0-0 9. 0-0-0 Re8 10. Nh2 c6 11. Ng4 Qa5 12. Nh6+ Bxh6 13. Bxh6 b5 14. a3 b4 15. axb4 Qa1+ 16. Nb1 Nxe4 17. Qe3 Nef6 18. f4 Nd5 19. Qb3 a5 20. Rxd5 cxd5 21. Qxd5 axb4 22. Bc4 Re6 23. f5 gxf5 24. Qd2 Rg6 25. Qd5 Re6 26. Qd2 Rg6 27. Qd5 Rf6 28. Re1 Qa5 29. Qd2 f4 30. Bg5 Rg6 31. h4 Qc7 32. Bd3 Rd6 33. Qe2 Nc5 34. Bc4 Nd7 35. h5 h6 36. Be7 Nb6 37. Bxd6 Qxd6 38. Bb3 Ra5 39. Rd1 Qf6 40. Qe4 Bg4 41. Rd3 Qh4 42. Qg6+ Kh8 43. Qxh6+ Kg8 44. Qg6+ 1/2-1/2

[Event "EU-ch U18 Girls"]
[Site "Peniscola"]
[Date "2002.10.07"]
[Round "8"]
[White "Bacrot, Nathalie"]
[Black "Vozovic, Oksana"]
[Result "0-1"]
[WhiteElo "2040"]
[BlackElo "2291"]
[PlyCount "110"]
[EventDate "2002.09.29"]
[EventType "swiss"]
[EventRounds "9"]
[EventCountry "ESP"]
[SourceTitle "CBM 090 Extra"]
[Source "ChessBase"]
[SourceDate "2002.11.07"]
[SourceVersion "1"]
[SourceVersionDate "2002.11.07"]
[SourceQuality "1"]

1. Nf3 Nf6 2. g3 d5 3. Bg2 Bf5 4. d3 h6 5. 0-0 e6 6. Nbd2 Be7 7. c4 c6 8. b3 0-0 9. Bb2 Nbd7 10. Re1 Bh7 11. Qc2 a5 12. a3 Rc8 13. Rac1 Bc5 14. e4 dxe4 15. Nxe4 Nxe4 16. dxe4 Nf6 17. Ne5 Qe7 18. a4 Rfd8 19. Red1 Bb4 20. Qe2 Ba3 21. Bxa3 Qxa3 22. Qe3 c5 23. f3 Qb2 24. Ng4 Nxg4 25. fxg4 Rd4 26. Rb1 Qc2 27. Rdc1 Qd3 28. Qxd3 Rxd3 29. Rd1 Rcd8 30. Rxd3 Rxd3 31. Kf2 Rd2+ 32. Kf3 Rxg2 33. Rd1 Bxe4+ 34. Kxe4 Re2+ 35. Kf3 Rb2 36. Rd3 Kf8 37. h4 Ke7 38. Kf4 Kf6 39. g5+ hxg5+ 40. hxg5+ Ke7 41. Ke5 Rf2 42. g4 Re2+ 43. Kf4 Re1 44. Kf3 g6 45. Rd2 Rh1 46. Ke4 Rh4 47. Rg2 Rh3 48. Rb2 Rg3 49. Kf4 Rd3 50. Ke4 Rd4+ 51. Kf3 e5 52. Rg2 Ke6 53. Ke3 Rf4 54. Rg1 f6 55. gxf6 Kxf6 0-1

[Event "EU-ch U18 Girls"]
[Site "Peniscola"]
[Date "2002.10.05"]
[Round "6"]
[White "Bacrot, Nathalie"]
[Black "Tidman, Sophie E"]
[Result "1-0"]
[WhiteElo "2040"]
[BlackElo "2139"]
[PlyCount "81"]
[EventDate "2002.09.29"]
[EventType "swiss"]
[EventRounds "9"]
[EventCountry "ESP"]
[SourceTitle "CBM 090 Extra"]
[Source "ChessBase"]
[SourceDate "2002.11.07"]
[SourceVersion "1"]
[SourceVersionDate "2002.11.07"]
[SourceQuality "1"]

1. Nf3 Nf6 2. g3 g6 3. Bg2 Bg7 4. 0-0 0-0 5. c4 d6 6. Nc3 e5 7. d3 Nc6 8. Rb1 Nd4 9. Nxd4 exd4 10. Nb5 Ng4 11. h3 c6 12. hxg4 cxb5 13. cxb5 Bxg4 14. Bxb7 Rb8 15. Bc6 Qe7 16. Re1 h5 17. Qd2 Qe6 18. b3 Bf6 19. Qf4 Rfc8 20. e4 Be5 21. Qg5 Bf3 22. Qh4 Kg7 23. Bd5 Qd7 24. Bc6 Qc7 25. Bf4 f6 26. Bxe5 dxe5 27. a4 Qe7 28. Qh3 Rc7 29. b4 Rh8 30. Bd5 Rc3 31. Bc4 Bg4 32. Qf1 h4 33. f3 hxg3 34. fxg4 f5 35. exf5 Qh4 36. f6+ Kf8 37. Qg2 e4 38. Rb2 Qxg4 39. Rbe2 Rh2 40. Qxe4 Qxe4 41. Rxe4 1-0

[Event "EU-ch U18 Girls"]
[Site "Peniscola"]
[Date "2002.10.03"]
[Round "5"]
[White "Bensdorp, Marlies"]
[Black "Bacrot, Nathalie"]
[Result "0-1"]
[WhiteElo "2117"]
[BlackElo "2040"]
[PlyCount "76"]
[EventDate "2002.09.29"]
[EventType "swiss"]
[EventRounds "9"]
[EventCountry "ESP"]
[SourceTitle "CBM 090 Extra"]
[Source "ChessBase"]
[SourceDate "2002.11.07"]
[SourceVersion "1"]
[SourceVersionDate "2002.11.07"]
[SourceQuality "1"]

1. d4 g6 2. c4 Bg7 3. Nc3 d6 4. e4 Nd7 5. Nge2 e5 6. d5 f5 7. exf5 gxf5 8. Ng3 Ndf6 9. Bd3 e4 10. Bc2 Nh6 11. Nh5 Nxh5 12. Qxh5+ Nf7 13. 0-0 Qe7 14. Be3 Be5 15. f4 Bg7 16. Rab1 0-0 17. Ne2 Nh6 18. h3 Bd7 19. Nd4 Rf6 20. Qe2 Rg6 21. Kh1 Kh8 22. Rbd1 Rg8 23. Rd2 Bf6 24. b4 Qg7 25. c5 Rg3 26. Rc1 Ng4 27. hxg4 Qh6+ 28. Kg1 R8xg4 29. Rcd1 Qh3 30. Qf2 Rxg2+ 31. Qxg2 Qxe3+ 32. Kh1 Rh4+ 33. Qh2 Rxh2+ 34. Kxh2 Bxd4 35. Rxd4 Qf2+ 36. Kh1 Qxc2 37. R1d2 Qc3 38. Rd1 e3 0-1

[Event "FRA-ch U18 Girls playoff"]
[Site "Hyeres"]
[Date "2002.04.14"]
[Round "10.1"]
[White "Bacrot, Nathalie"]
[Black "Esposito, Marie Christine"]
[Result "1-0"]
[WhiteElo "2031"]
[BlackElo "1980"]
[PlyCount "127"]
[EventDate "2002.04.14"]
[EventType "tourn"]
[EventRounds "3"]
[EventCountry "FRA"]
[SourceTitle "EXT 2003"]
[Source "ChessBase"]
[SourceDate "2002.11.25"]
[SourceVersion "1"]
[SourceVersionDate "2002.11.25"]
[SourceQuality "1"]

1. Nf3 d6 2. d4 Nf6 3. g3 Nbd7 4. Bg2 e5 5. dxe5 dxe5 6. 0-0 Be7 7. b3 c6 8. Bb2 Qc7 9. c4 0-0 10. Qc2 Re8 11. e4 Bf8 12. Nc3 b6 13. Rad1 Bb7 14. Rd2 Rad8 15. Rfd1 Ra8 16. Nh4 g6 17. Nf3 Bh6 18. Re2 Rad8 19. Bc1 Bf8 20. Bg5 Bg7 21. Bh3 Nc5 22. Red2 Rxd2 23. Rxd2 Ne6 24. Bxe6 Rxe6 25. Qd3 Re8 26. Qd6 Qxd6 27. Rxd6 Nh5 28. Rd7 Rb8 29. Be7 Bc8 30. Rxa7 Bg4 31. Kg2 f5 32. h3 Bxf3+ 33. Kxf3 Nf6 34. Rc7 c5 35. exf5 gxf5 36. Nb5 Ne8 37. Ra7 h5 38. Kg2 e4 39. Bg5 Be5 40. Re7 Bg7 41. Re6 Kf7 42. Rc6 Be5 43. Rh6 Ng7 44. Rc6 Ne6 45. Bd2 Rd8 46. Bc3 Bxc3 47. Nxc3 Rb8 48. Nd5 Nd4 49. Rxb6 Ra8 50. a4 Re8 51. a5 Ra8 52. a6 Ne6 53. b4 cxb4 54. Nxb4 Nc5 55. Rc6 Ne6 56. Nd5 Ra7 57. Kf1 Rd7 58. Rb6 Nc5 59. Rf6+ Kg7 60. Rxf5 Nxa6 61. Rxh5 Rf7 62. Re5 Nc5 63. Nf4 Rc7 64. Rxc5 1-0

[Event "FRA-ch U18 Girls"]
[Site "Hyeres"]
[Date "2002.??.??"]
[Round "3.2"]
[White "Bacrot, Nathalie"]
[Black "Blanche, Sandrine"]
[Result "1/2-1/2"]
[WhiteElo "2031"]
[BlackElo "1900"]
[PlyCount "124"]
[EventDate "2002.04.05"]
[EventType "swiss"]
[EventRounds "9"]
[EventCountry "FRA"]
[SourceTitle "EXT 2003"]
[Source "ChessBase"]
[SourceDate "2002.11.25"]
[SourceVersion "1"]
[SourceVersionDate "2002.11.25"]
[SourceQuality "1"]

1. Nf3 Nf6 2. g3 g6 3. Bg2 Bg7 4. 0-0 0-0 5. d4 d5 6. c3 Nbd7 7. Nbd2 Re8 8. Re1 e5 9. e4 dxe4 10. Nxe4 exd4 11. Nxf6+ Nxf6 12. Nxd4 Bg4 13. Nf3 Qxd1 14. Rxd1 Re2 15. h3 Bf5 16. Nd4 Rd8 17. Bg5 Ree8 18. Nxf5 gxf5 19. Rxd8 Rxd8 20. Re1 h6 21. Bf4 c6 22. Re7 Rd7 23. Rxd7 Nxd7 24. Be3 Nb6 25. Bf1 Na4 26. Bc1 Kf8 27. Bd3 f4 28. Bc2 Nb6 29. Bxf4 Nc4 30. Bc1 Ke7 31. Kg2 Nb6 32. Kf3 Nd7 33. Kg4 Nf6+ 34. Kh4 Ke6 35. Bb3+ Ke7 36. Bc2 Ke6 37. g4 Bf8 38. Bxh6 Bxh6 39. g5 Bf8 40. gxf6 Kxf6 41. Kg4 Bc5 42. f3 Be3 43. Bf5 Bc1 44. b3 Bb2 45. c4 b5 46. Bd3 bxc4 47. Bxc4 a5 48. h4 Kg7 49. Kf5 c5 50. h5 f6 51. f4 Bc3 52. Ke6 Bb2 53. Kd5 Ba3 54. Bd3 Bb4 55. Bg6 Ba3 56. f5 Bb4 57. Kc4 Kh6 58. Kb5 Kg7 59. Ka4 Bc3 60. Ka3 Bb4+ 61. Kb2 Kh6 62. a3 Bd2 1/2-1/2

[Event "FRA-ch U18 Girls"]
[Site "Hyeres"]
[Date "2002.??.??"]
[Round "8.2"]
[White "Esposito, Marie Christine"]
[Black "Bacrot, Nathalie"]
[Result "1/2-1/2"]
[WhiteElo "1980"]
[BlackElo "2031"]
[PlyCount "54"]
[EventDate "2002.04.05"]
[EventType "swiss"]
[EventRounds "9"]
[EventCountry "FRA"]
[SourceTitle "EXT 2003"]
[Source "ChessBase"]
[SourceDate "2002.11.25"]
[SourceVersion "1"]
[SourceVersionDate "2002.11.25"]
[SourceQuality "1"]

1. d4 g6 2. e4 Bg7 3. Nc3 d6 4. Be3 a6 5. Qd2 b5 6. Bd3 Bb7 7. a4 b4 8. Nce2 a5 9. Ng3 c5 10. c3 Nd7 11. Nf3 Ngf6 12. Bh6 0-0 13. 0-0 cxd4 14. cxd4 e5 15. Bxg7 Kxg7 16. Qg5 Ne8 17. Qe3 Nc7 18. Bc4 Qe7 19. Rac1 Ne8 20. Rfd1 h6 21. dxe5 dxe5 22. Bb5 Ndf6 23. Rc5 Ng4 24. Qc1 Rd8 25. Rxd8 Qxd8 26. Nxe5 Nxe5 27. Rxe5 Nf6 1/2-1/2

[Event "FRA-chT"]
[Site "France"]
[Date "2001.03.30"]
[Round "5.9"]
[White "Feuvrier, Stephanie"]
[Black "Bacrot, Nathalie"]
[Result "1-0"]
[WhiteElo "2048"]
[BlackElo "2071"]
[PlyCount "79"]
[EventDate "2001.02.02"]
[EventType "team"]
[EventRounds "11"]
[EventCountry "FRA"]
[SourceTitle "EXT 2002"]
[Source "ChessBase"]
[SourceDate "2001.11.25"]
[SourceVersion "1"]
[SourceVersionDate "2001.11.25"]
[SourceQuality "1"]
[WhiteTeam "Bordeaux Echecs"]
[BlackTeam "Echiquier Nicois"]
[WhiteTeamCountry "FRA"]
[BlackTeamCountry "FRA"]

1. e4 g6 2. d4 Bg7 3. Nc3 d6 4. Be3 a6 5. Qd2 b5 6. Bd3 Nf6 7. Bh6 0-0 8. f3 Nbd7 9. h4 c5 10. h5 c4 11. Be2 b4 12. Nd1 c3 13. Qe3 Bxh6 14. Qxh6 cxb2 15. Nxb2 Qc7 16. Qd2 Nxh5 17. Bd3 e5 18. Ne2 exd4 19. Qxb4 Rb8 20. Qxd4 Qa5+ 21. Kf2 Qc5 22. Nc4 d5 23. Qxc5 Nxc5 24. Nd6 dxe4 25. Nxe4 Nxd3+ 26. cxd3 f5 27. Nc5 f4 28. Rab1 Bf5 29. Nd4 Ng3 30. Rhd1 a5 31. Nxf5 Nxf5 32. Ne6 Rxb1 33. Rxb1 Rc8 34. Rb2 Ne3 35. Rd2 Nd5 36. d4 Rc3 37. Nc5 Ra3 38. Nd3 Kg7 39. Nc1 Kf6 40. Rb2 1-0

[Event "FRA-ch (Women)"]
[Site "Vichy"]
[Date "2000.08.22"]
[Round "7"]
[White "Bacrot, Nathalie"]
[Black "Sebag, Marie"]
[Result "0-1"]
[WhiteElo "2035"]
[BlackElo "2227"]
[PlyCount "98"]
[EventDate "2000.08.16"]
[EventType "tourn"]
[EventRounds "11"]
[EventCountry "FRA"]
[SourceTitle "CBM 077 Extra"]
[Source "ChessBase"]
[SourceDate "2000.09.14"]
[SourceVersion "1"]
[SourceVersionDate "2000.09.14"]
[SourceQuality "1"]

1. Nf3 d5 2. g3 Nf6 3. Bg2 Bf5 4. d3 e6 5. 0-0 h6 6. Nbd2 Be7 7. Re1 0-0 8. e4 dxe4 9. Nh4 Bg4 10. f3 exf3 11. Nhxf3 Nc6 12. Ne4 Bf5 13. Nxf6+ Bxf6 14. Bd2 Re8 15. Bc3 Bxc3 16. bxc3 Qd6 17. Rb1 Rab8 18. Kh1 b6 19. Rf1 Bg4 20. Qd2 Bxf3 21. Bxf3 Ne5 22. Bg2 Rbd8 23. Rbe1 f6 24. Qf4 Re7 25. Be4 f5 26. Bg2 Nf7 27. Qh4 g6 28. g4 Rde8 29. d4 Kg7 30. Qf2 c5 31. h4 Rf8 32. h5 Ng5 33. gxf5 exf5 34. Rxe7+ Qxe7 35. hxg6 f4 36. Re1 Qd6 37. Re5 f3 38. Bf1 cxd4 39. cxd4 Qxg6 40. Re7+ Rf7 41. Rxf7+ Qxf7 42. c4 Qf4 43. d5 Ne4 44. Qh2 Ng3+ 45. Kg1 Qe3+ 46. Qf2 Nxf1 47. Kxf1 Qc1+ 48. Qe1 Qxc4+ 49. Kf2 Qh4+ 0-1

[Event "Martinez op-A"]
[Site "Cannes"]
[Date "2000.08.04"]
[Round "7"]
[White "Pellaton, Bernard"]
[Black "Bacrot, Nathalie"]
[Result "1-0"]
[WhiteElo "2158"]
[BlackElo "2035"]
[PlyCount "61"]
[EventDate "2000.07.29"]
[EventType "swiss"]
[EventRounds "9"]
[EventCountry "FRA"]
[SourceTitle "EXT 2001"]
[Source "ChessBase"]
[SourceDate "2000.11.22"]
[SourceVersion "1"]
[SourceVersionDate "2000.11.22"]
[SourceQuality "1"]

1. d4 g6 2. Nf3 Bg7 3. e4 d6 4. Bd3 Nd7 5. 0-0 e5 6. c3 Ngf6 7. Bg5 0-0 8. Qd2 Re8 9. Re1 c6 10. Na3 Qc7 11. Rad1 a6 12. Bb1 Nf8 13. h3 Ne6 14. Bh6 Bxh6 15. Qxh6 b5 16. Nc2 Bb7 17. Ne3 Rad8 18. a3 c5 19. d5 Nf8 20. Nf5 Nh5 21. g4 gxf5 22. gxh5 f6 23. Kh2 Qf7 24. Rg1+ Kh8 25. Nh4 Bc8 26. Rg2 Re7 27. Rdg1 f4 28. Bc2 f5 29. exf5 e4 30. f6 Rb7 31. Bxe4 1-0

[Event "Martinez op-A"]
[Site "Cannes"]
[Date "2000.07.30"]
[Round "2"]
[White "Bacrot, Nathalie"]
[Black "Villeneuve, Alain"]
[Result "0-1"]
[WhiteElo "2035"]
[BlackElo "2293"]
[PlyCount "62"]
[EventDate "2000.07.29"]
[EventType "swiss"]
[EventRounds "9"]
[EventCountry "FRA"]
[SourceTitle "EXT 2001"]
[Source "ChessBase"]
[SourceDate "2000.11.22"]
[SourceVersion "1"]
[SourceVersionDate "2000.11.22"]
[SourceQuality "1"]

1. Nf3 d5 2. g3 Nf6 3. Bg2 Bf5 4. d3 e6 5. 0-0 Be7 6. Nbd2 h6 7. Qe1 Bh7 8. e4 0-0 9. e5 Nfd7 10. Qe2 c5 11. Re1 Nc6 12. Nf1 Rc8 13. h4 Nd4 14. Qd1 Nxf3+ 15. Bxf3 Qc7 16. Qe2 b5 17. Nh2 Kh8 18. Ng4 b4 19. Bxh6 gxh6 20. Nxh6 Qxe5 21. Qxe5+ Nxe5 22. Rxe5 Bf6 23. Re2 Bxb2 24. Rb1 Bd4 25. Ng4 a5 26. Ne5 c4 27. dxc4 Bxe5 28. Rxe5 Rxc4 29. Bxd5 exd5 30. Rxd5 Bxc2 31. Re1 a4 0-1